000 00712nam a22002057a 4500
999 _c1342
_d1342
003 AR-CdUCM
008 190226b ||||| |||| 00| 0 spa d
040 _aMUNICIPALIDAD PROVINCIAL DEL CUSCO
_cBIBLIOTECA MUNICIPAL DEL CUSCO
082 _a869.557 /
_bB61
100 _aBlanco Fombona, Rufino
_95147
245 _aCritica de la obra de González Prada /
260 _aLima :
_bFondo de cultura popular,
_c1966.
300 _a87 páginas ;
_c16 cm.
505 _aLima, en tiempos del virreinato -- Caracteres de Lima y el Perú -- Carácter de la literatura peruana ...
650 _aLiteratura.
_983
650 _aPerú.
_935
650 _aAmérica.
_91348
942 _2ddc
_cLIBROS
945 _amvr
_d2019-02-26